| 000 | 00317nam a22001337a 4500 | ||
|---|---|---|---|
| 020 | _qHB. | ||
| 040 | _cFIZZA ISHAQ | ||
| 082 |
_a622.338 _bWIL |
||
| 100 |
_aCHIN,C.WILSON. _990559 |
||
| 245 |
_aFORMATION INVASION / _cWILSON C.CHIN. |
||
| 260 |
_aGULF PROFESSIONAL ; _c1995. |
||
| 300 | _a240 P. ; | ||
| 942 |
_2ddc _cBK |
||
| 999 |
_c588725 _d588725 |
||